טוען...
Moolamukhi
| מחבר ראשי: | |
|---|---|
| פורמט: | Printed Book |
| שפה: | Undetermined |
| יצא לאור: |
Kozhikode
The Mathrubhumi Printing & Publishing Co.Ltd
2010
|
| נושאים: |
| LEADER | 00541nam a2200157Ia 4500 | ||
|---|---|---|---|
| 008 | 140316s9999 xx 000 0 und d | ||
| 020 | |a 9788182649828 | ||
| 082 | |a 813.1 |b ANU/MO | ||
| 100 | |a Niranjana,Anupama | ||
| 245 | |a Moolamukhi | ||
| 260 | |a Kozhikode |b The Mathrubhumi Printing & Publishing Co.Ltd |c 2010 | ||
| 300 | |a 224 | ||
| 650 | |a Novel | ||
| 942 | |2 ddc |c BK | ||
| 999 | |c 10375 |d 10375 | ||
| 952 | |0 0 |1 0 |2 ddc |4 0 |6 813_100000000000000_ANUMO |7 0 |9 11579 |a KAUCLV |b KAUCLV |c GENERAL |d 2014-03-18 |l 9 |o 813.1 ANU/MO |p 219000 |r 2019-11-14 |s 2019-11-14 |w 2014-03-18 |y BK | ||